Top 5 Biggest Allies of every country 1# - Statistics

General Stats
  • This quiz has been taken 184 times
  • The average score is 53 of 72
Answer Stats
Answer % Correct
United States
97%
United States
97%
United States
97%
United States
97%
Russia
96%
China
94%
China
94%
United Kingdom
94%
United Kingdom
94%
France
93%
Germany
91%
India
91%
India
91%
India
91%
Pakistan
91%
Spain
91%
Spain
91%
Brazil
89%
Iran
89%
Iran
89%
Saudi Arabia
86%
Saudi Arabia
86%
Turkey
86%
Turkey
86%
Turkey
86%
Italy
85%
Italy
85%
Portugal
85%
Portugal
85%
Canada
82%
New Zealand
82%
Greece
80%
Greece
80%
Oman
73%
United Arab Emirates
72%
Cuba
71%
Hungary
71%
Hungary
71%
Libya
71%
Peru
71%
Uruguay
71%
Slovenia
70%
Georgia
69%
Tunisia
69%
Czechia
68%
Bolivia
67%
Dominican Republic
67%
Croatia
66%
Kosovo
66%
Slovakia
66%
Kuwait
65%
Nepal
64%
Serbia
63%
Jamaica
62%
Bhutan
60%
Saint Lucia
59%
Israel
58%
Sri Lanka
58%
Trinidad and Tobago
58%
Dominica
56%
Jordan
56%
Saint Kitts and Nevis
56%
Barbados
54%
Azerbaijan
53%
Ireland
50%
Mozambique
44%
Cyprus
41%
Guyana
41%
Maldives
39%
Suriname
39%
Afghanistan
34%
Guinea-Bissau
17%
No matching quizzes found
Score Distribution
Percent of People with Each Score
Percentile by Number Answered
Your Score History
You have not taken this quiz